Actors and their movie roles - Statistics

General Stats
  • This quiz has been taken 32 times
  • The average score is 26 of 58
Answer Stats
Hint Answer % Correct
Evelyn Salt, Lara Croft, Gia Carangi, Lisa Rowe, Olympias, Mariane Pearl Angelina Jolie
87%
Irina Spalko, Queen Elizabeth I, Carol Aird, Lydia Tár, Jude Quinn, Galadriel Cate Blanchett
73%
Jim Morrison, Doc Holliday, John Holmes, Tom “Iceman” Kazansky, Dr. Montgomery Val Kilmer
73%
Amber Waves, Clarice Starling, Cathy Whitaker, Sarah Palin, Mary Villiers Julianne Moore
67%
Molly Jensen, Hester Prynne, Lieutenant Jordan O'Neil, Elisabeth Sparkle Demi Moore
63%
Mark Renton, Obi-Wan Kenobi, Catcher Block, Christopher Robin Ewan McGregor
63%
Arnie Grape, Frank Abagnale Jr., Calvin J. Candie, Ernest Burkhart, Toby Wolff Leonardo DiCaprio
63%
Genie, Richard Williams, Agent J, Chris Gardner, Captain Steven Hiller Will Smith
63%
Kimmy Wallace, Lotte Schwartz, Natalie Cook, Princess Fiona, Jenny Everdeane Cameron Diaz
60%
Macrinus, Malcolm X, Detective Alonso Harris, Herman Boone, Don Pedro Denzel Washington
60%
Blackbeard, P.T. Barnum, Gary Hart, James Howlett, Jean Valjean Hugh Jackman
60%
J. Daniel Atlas, Mark Zuckerberg, Lex Luthor, Columbus, David Lipsky Jesse Eisenberg
60%
Babe Ruth, Fred Flintstone, Sulley Sullivan, Dan Conner, Walter Sobchak John Goodman
60%
Marquise de Merteuil, Alex Forrest, Cruella de Vil, Sunny von Bülow Glenn Close
57%
Naomi Lapaglia, Queen Elizabeth I, Tonya Harding, Barbie, Daphne Milne Margot Robbie
57%
Elio Perlman, Willy Wonka, Bob Dylan, Paul Atreides, Kyle Scheible Timothée Chalamet
57%
Josh Baskin, Andrew Beckett, Joe Fox, Robert Langdon, Detective Scott Turner Tom Hanks
57%
Lee Harvey Oswald, Dracula, Jim Gordon, Jean-Baptiste Emanuel Zorg Gary Oldman
53%
Jim Garrison, Eliot Ness, Ray Kinsella, The Mariner, Robin Hood Kevin Costner
53%
Charles Ryder, Claus von Bülow, Scar, Rodolfo Gucci, Aramis, H.G. Wells Jeremy Irons
50%
Governor Jack Stanton, Tony Manero, Edna Turnblad, Vincent Vega, Chili Palmer John Travolta
50%
Lux Lisbon, Torrance Shipman, Mary Jane Watson, Miss Edwina Morrow Kirsten Dunst
50%
Mathilda Lando, Anne Boleyn, Nina Sayers, Jackie Kennedy, Elizabeth Berry Natalie Portman
50%
Betty Sizemore, Irene P. Waters, Beatrix Potter, Judy Garland, Roxie Hart Renée Zellweger
50%
Santanico Pandemonium, Frida Kahlo, Beatriz Blanco, Kitty Softpaws, Serendipity Salma Hayek
50%
Peachy Carnehan, Alfie Elkins, Alfred Pennyworth, Harry Palmer, Ebenezer Scrooge Michael Caine
47%
Wayne Campbell, Steve Rubell, Guru Maurice Pitka, General Ed Fenech, Dr. Evil Mike Myers
47%
Frank T.J. Mackey, Lestat de Lioncourt, Dr. William Harford, Les Grossman Tom Cruise
47%
Aileen Wuornos, Josey Aimes, Mavis Gary, Imperator Furiosa, Lorraine Broughton Charlize Theron
43%
Barbara Covett, Queen Elizabeth I, Old Deuteronomy, M, Iris Murdoch Judi Dench
43%
Ted Logan, Jack Traven, Prince Siddhartha, Jonathan Harker, John Constantine Keanu Reeves
43%
Adonis Creed, Johnny Storm, Erik Killmonger, Vince Howard, Guy Montag Michael B. Jordan
43%
Dr. Chase Meridian, Suzanne Stone Maretto, Virginia Woolf, Atlanna Nicole Kidman
43%
Mirtha Jung, Raimunda, Donatella Versace, Carla Albanese, Macarena Granada Penélope Cruz
43%
Dr. Frederick Treves, Abraham Van Helsing, Alfred Hitchcock, Colonel William Ludlow Anthony Hopkins
40%
Mark Darcy, King George IV, Harry Hart, Lord Wessex, Johannes Vermeer Colin Firth
40%
Mr. Tumnus, Charles Francis Xavier, Victor Frankenstein, Robbie Turner James McAvoy
40%
Leon Trotsky, Bruce Banner, Aaron Stampler, Will Graham, Derek Vinyard Edward Norton
37%
Domino Harvey, Guinevere, Sugar Plum Fairy, Elizabeth Swann, Cecilia Tallis Keira Knightley
37%
Sharon Stone, Giacinta “Jinx” Johnson, Ororo Munroe, Dorothy Dandridge Halle Berry
33%
Francis Dolarhyde, Amon Göth, László Almásy, Gareth Mallory, Chris Marshall Ralph Fiennes
33%
Julian Kay, Zack Mayo, Lancelot, Billy Flynn, Edward Lewis, Martin Vail Richard Gere
33%
Holly Sargis, Carrie White, Loretta Lynn, Ruth Fowler, Pinky Rose Sissy Spacek
33%
Christy Brown, John Proctor, Reynolds Woodcock, Cecil Vyse, Nathaniel “Hawkeye” Poe Daniel Day-Lewis
30%
Karen Sisco, Ramona Vega, Selena Quintanilla Pérez, Dr. Catherine Dean Jennifer Lopez
30%
Bobby Sands, David, Lieutenant Archie Hicox, Erik Lehnsherr, Detective Harry Hole Michael Fassbender
30%
Susanna Kaysen, Lydia Deetz, Mina Murray, May Welland, Lelaina Pierce, Jo March Winona Ryder
30%
Ted Hughes, Joe Bang, Benoit Blanc, Perry Smith, XXXX, Tuvia Bielski Daniel Craig
27%
Raoul Silva, Anton Chigurh, Desi Arnaz, King Triton, Reiner, Stilgar Javier Bardem
27%
Nola Rice, Mary Boleyn, DeeAnna Moran, Nicole Barber, Kaa, Olivia Wenscombe Scarlett Johansson
27%
Ashley Johnsten, Sister James, Amelia Earhart, Camille Preaker, Lynne Cheney Amy Adams
23%
Rodrigues, Eduardo Saverin, Jonathan Larson, Desmond Doss, Jim Bakker Andrew Garfield
23%
Sydney Ellen Wade, Carolyn Burnham, Diana Nyad, Myra Langtry, Virginia Hill Annette Bening
23%
Muriel Heslop, Lynn Sear, Sheryl Hoover, Tara Gregson, Mandy Slade Toni Collette
23%
Joy Mangano, Dominika Egorova, Tiffany Maxwell, Rosalyn Rosenfeld Jennifer Lawrence
20%
Jane Craig, Ada McGrath, Helen Parr, Penny Wharvey McGill, Tammy Hemphill Holly Hunter
13%
Lucille Sharpe, Molly Bloom, Tammy Wynette, Celia Rae Foote, Maggie Beauford Jessica Chastain
13%
Bathsheba Everdene, Megan Twohey, Jenny Mellor, Cassandra, Winnie Gekko Carey Mulligan
7%
No matching quizzes found
Score Distribution
Percent of People with Each Score
Percentile by Number Answered
Your Score History
You have not taken this quiz